| 000 | 00651nam a22002057a 4500 | ||
|---|---|---|---|
| 999 |
_c177355 _d177355 |
||
| 005 | 20210219114137.0 | ||
| 010 | _aENG-129039 | ||
| 020 |
_c599.00 _a978-0-8570-5637-5 |
||
| 035 | _aEN-112571 | ||
| 037 | _bDBAD/PUB | ||
| 082 | _aN | ||
| 100 | _aLagercrantz, David | ||
| 245 |
_aThe Girl Who Lived Twice/ _cDavid Lagercrantz |
||
| 260 |
_aGurugram _bHachette Book Publishing India Pvt. Ltd. _c2019 |
||
| 270 |
_bGurugram _a4th/5th Floors, Corporate Centre, Plot No- 94, Sec- 44 _e122003 |
||
| 300 |
_a357p. _c24cm(pbk) |
||
| 500 | _aTranslated from the Swedish By George Goulding | ||
| 700 | _aGoulding, George, Tr. | ||
| 942 |
_2ddc _cEN _hN _mLAG |
||